| 000 | 00618cam a2200217 a 4500 | ||
|---|---|---|---|
| 020 | _a0121693619 | ||
| 020 | _a0121693627 (pbk.) | ||
| 040 | _cDLC | ||
| 082 | 0 | 0 | _a581 ACA 1986 A063 Or. |
| 100 | 2 | _aCharles-Edwards, D. A. | |
| 245 | 1 | 0 | _aModelling plant growth and development / |
| 250 | _aU.S. ed. | ||
| 260 |
_aSydney ; _aOrlando : _bAcademic Press, _cc1986. |
||
| 300 |
_axvi, 235 p. : _bill. ; _c24 cm. |
||
| 650 | 0 | _aGrowth (Plants) | |
| 650 | 0 | _aPlants | |
| 700 | 1 | _aDoley, David. | |
| 700 | 1 | _aRimmington, Glynn M. | |
| 856 | 4 | 2 | _uhttp://www.loc.gov/catdir/description/els032/86071064.html |
| 942 | _cEK | ||
| 999 |
_c15311 _d15311 |
||